000 00288nam a2200121Ia 4500
005 20251222154310.0
008 251222s9999||||xx |||||||||||||| ||spa||
020 _a84-376-0492-3
082 _a868.89/F43
100 _a"Ferreira, Vergílio António"
245 0 _aAparición
942 _cLIB
999 _c33353
_d33353